000
00321nam a22001337a 4500
008
181218b xxu||||| |||| 00| 0 eng d
020
_a
9780805817461
041
_a
eng
080
_a
616
100
_a
9
101
_a
PAT
245
_a
The Developmental Psychopathology of Eating Disorders
_c
Smolak,L
942
_2
udc
_c
BK
999
_c
53477
_d
53477